| 000 | 00772nam a2200253Ia 4500 | ||
|---|---|---|---|
| 003 | OSt | ||
| 005 | 20221005042457.0 | ||
| 006 | a|||||r|||| 00| 0 | ||
| 007 | ta | ||
| 008 | 221004b |||||||| |||| 00| 0 eng d | ||
| 020 | _a97893816904144 (hbk) | ||
| 024 | _a26647 | ||
| 037 |
_bGift, 09/05/2016, _cTextual |
||
| 040 |
_aCRL _cCRL _beng |
||
| 041 |
_2eng _aeng |
||
| 082 | _aY15-72:3(V,64).2, Q2 | ||
| 100 |
_aMakwana Ramesh H. _9590520 |
||
| 245 | 0 | _aChanging profile of tribal women leder in panchayat | |
| 260 |
_aDelhi _bVista International Publishing House India _c2012 |
||
| 300 |
_ax, 292p. _ccm. |
||
| 650 | _aSOCIOLOGY | ||
| 942 |
_hY15-72:3(V,64).2, Q2 _cTEXL _2cc |
||
| 999 |
_c950315 _d950315 |
||